|
|
|
|
| LEADER |
00600cam a2200181 7i4500 |
| 001 |
0000030560 |
| 005 |
20140129090000.0 |
| 020 |
0 |
0 |
|a 9780470830260
|
| 090 |
0 |
0 |
|a B 658.87
|b CHE
|
| 100 |
1 |
0 |
|a Chevalier
|
| 245 |
1 |
0 |
|a Luxury retail management :
|b how the world's top brands provide quality product & service support.
|
| 260 |
0 |
0 |
|a Singapore:
|b John Wiley & Sons,
|c 2012.
|
| 300 |
# |
# |
|a 306 p.
|
| 650 |
0 |
0 |
|a Retail trade --
|x Management
|
| 650 |
0 |
0 |
|a Luxury goods industry --
|x Management
|
| 650 |
0 |
0 |
|a Retail management
|
| 700 |
1 |
0 |
|a Gutsatz,
|h Michel
|
| 999 |
|
|
|a B000033789
|b Book
|c Book
|e Business Information Centre
|